ბათუმის შოთა რუსთაველის სახელმწიფო უნივერსიტეტის ბიბლიოთეკა

Римское искусство и культура : (ბიბ.ჩანაწერი № 61011)

000 -LEADER
fixed length control field 00919nam a22001577a 4500
005 - DATE AND TIME OF LATEST TRANSACTION
control field 20231206153832.0
008 - FIXED-LENGTH DATA ELEMENTS--GENERAL INFORMATION
fixed length control field 231206s1984 ru ||||| |||| 00| 0 rus d
041 ## - LANGUAGE CODE
Language code of text/sound track or separate title rus
080 ## - UNIVERSAL DECIMAL CLASSIFICATION NUMBER
Universal Decimal Classification number 7.032(376)+008(450) P-51
245 ## - TITLE STATEMENT
Title Римское искусство и культура :
Remainder of title Выставка Римско-германского музея города Кёльна в Музее изобразительных искусств им. А.С. Пушкина, Москва и в Государственном Эрмитаже, Ленинград : Каталог /
Statement of responsibility, etc. Министерство культуры СССР.
264 ## - PRODUCTION, PUBLICATION, DISTRIBUTION, MANUFACTURE, AND COPYRIGHT NOTICE
Place of production, publication, distribution, manufacture Кёльн :
Name of producer, publisher, distributor, manufacturer Римско-германский музей города Кёльна,
Date of production, publication, distribution, manufacture, or copyright notice 1984.
300 ## - PHYSICAL DESCRIPTION
Extent 176 с. :
Other physical details ил. ;
Dimensions 27 см.
653 ## - INDEX TERM--UNCONTROLLED
keyword რომის ხელოვნება
653 ## - INDEX TERM--UNCONTROLLED
keyword რომის კულტურა
942 ## - ADDED ENTRY ELEMENTS (KOHA)
Source of classification or shelving scheme
Koha item type წიგნი
ეგზემპლარები
Withdrawn status Lost status Source of classification or shelving scheme Damaged status Not for loan Permanent Location Current Location Shelving location Date acquired Cost, normal purchase price Full call number Barcode Date last seen Copy number Uniform Resource Identifier Price effective from Koha item type Public note
          ბათუმის შოთა რუსთაველის სახელმწიფო უნივერსიტეტის მთავარი ბიბლიოთეკა ბათუმის შოთა რუსთაველის სახელმწიფო უნივერსიტეტის მთავარი ბიბლიოთეკა წიგნსაცავი 2023-12-06 8.00 7.032(376)+008(450) P-51 65541 2023-12-06 65541 ბსუ-ს საპატიო დოქტორის გურამ ლორთქიფანიძის საჩუქარი 2023-12-06 წიგნი 8 ლ.